[Event "Titled Tue 20th May Late"]
[Site "chess.com INT"]
[Date "2025.05.20"]
[Round "4"]
[White "Bustelo, Tabare"]
[Black "Eames, Robert S"]
[Result "0-1"]
[WhiteTitle "CM"]
[BlackTitle "FM"]
[WhiteElo "2043"]
[BlackElo "2136"]
[WhiteFideId "3000362"]
[BlackFideId "408743"]
[EventDate "2025.05.20"]

1. d4 d5 2. Bg5 h6 3. Bh4 c6 4. Nc3 Qb6 5. Qd2 Bf5 6. O-O-O e6 7. f3 Bb4 8. g4
Bh7 9. e3 Nd7 10. Bd3 Bxd3 11. Qxd3 Ngf6 12. Nge2 O-O-O 13. g5 hxg5 14. Bxg5 Kb8
15. a3 Bd6 16. h4 Rc8 17. e4 dxe4 18. fxe4 e5 19. Rhf1 exd4 20. Qxd4 Be5 21.
Qxb6 axb6 22. Rd3 Nc5 23. Re3 Ne6 24. Kb1 Rce8 25. Ref3 Bxc3 26. Nxc3 Nd4 27.
Rxf6 gxf6 28. Bxf6 Ne6 29. Bxh8 Rxh8 30. Rh1 Rh5 31. Ne2 Kc7 32. Ng3 Rh7 33. Kc1
Kd6 34. Kd2 Ke5 35. Ke3 Nf4 36. h5 Ne6 37. h6 Kf6 38. Nf5 Nc5 39. b3 b5 40. Rf1
Ke5 41. Rf4 Ne6 42. Rh4 Ng5 43. Nd4 Kf6 44. Nf3 Ne6 45. e5+ Kg6 46. Nd4 Rxh6 47.
Rxh6+ Kxh6 48. Nxe6 fxe6 49. a4 bxa4 50. bxa4 b6 51. c4 c5 52. Kf4 Kh5 53. Kf3
Kg5 54. Ke4 Kg4 55. Ke3 Kf5 56. Kd3 Kxe5 57. Ke3 Kf5 58. Kf3 e5 59. Ke3 e4 60.
Kf2 Kf4 61. Ke2 e3 62. Kf1 Ke4 63. Ke2 Kd4 64. Kf3 Kd3 65. Kf4 Kd2 66. Ke5 e2
67. Kd6 e1=Q 68. Kc6 Qb1 69. a5 bxa5 70. Kxc5 Qb4+ 71. Kc6 Qxc4+ 0-1

[Event "Titled Tue 20th May Late"]
[Site "chess.com INT"]
[Date "2025.05.20"]
[Round "4"]
[White "Hiwale, Ronak"]
[Black "Martin Fuentes, Alberto"]
[Result "0-1"]
[BlackTitle "FM"]
[WhiteElo "2105"]
[BlackElo "2376"]
[WhiteFideId "30975336"]
[BlackFideId "2292289"]
[EventDate "2025.05.20"]

1. Nf3 Nf6 2. g3 c5 3. Bg2 Nc6 4. O-O d6 5. d3 g6 6. e4 Bg7 7. Nc3 O-O 8. Ne2
Bd7 9. c3 b5 10. Qc2 b4 11. d4 bxc3 12. bxc3 cxd4 13. cxd4 Rc8 14. Qd3 Nb4 15.
Qb3 Nc2 16. Rb1 Nxe4 17. Rb2 Qc7 18. Be3 Nxe3 19. Qxe3 d5 20. Rc1 Qa5 21. Rcb1
Bf5 22. Rd1 Rfe8 23. h3 Nc3 24. Nxc3 Qxc3 25. Qxc3 Rxc3 26. Ne5 Be6 27. Rb7 Ra3
28. Nc6 Kf8 29. Rd2 Ra6 30. Nxa7 Bf6 31. Nb5 Rea8 32. Nc3 Ra5 33. a4 Rc8 34. Rb5
Rxb5 35. Nxb5 Rc4 36. a5 Ra4 37. Nc7 Rxa5 38. Nxe6+ fxe6 39. Bf3 h5 40. h4 Ra4
41. g4 hxg4 42. Bxg4 Kf7 43. Re2 Ra6 44. Rd2 Bxh4 45. Kg2 Bf6 46. Rd3 Rd6 47.
Rf3 Kg7 48. Re3 Bxd4 49. Rxe6 Bc5 50. Rxe7+ Kf6 51. Re2 d4 52. Rd2 Ke5 53. Kf3
Rf6+ 54. Ke2 Kf4 55. f3 Rf7 56. Kd3 Ra7 57. Re2 Ra3+ 58. Kc4 Rc3+ 59. Kd5 d3 60.
Re4+ Kg3 61. Re1 d2 62. Rd1 Be3 63. Bd7 Bf4 64. Ke4 g5 65. Bb5 Kf2 66. Rf1+ Kg2
67. Rg1+ Kxg1 68. Be2 Kf2 69. Bd1 Ke1 70. Kd4 Kxd1 71. Kxc3 Ke2 72. Kd4 d1=Q+
73. Ke4 Kf2 74. Kf5 Qxf3 75. Kg6 g4 76. Kh5 g3+ 77. Kg6 Qg4+ 78. Kf6 g2 79. Ke7
g1=Q 80. Kd8 Q1d1+ 81. Ke7 Qdd7+ 82. Kf8 Bd6# 0-1

[Event "Titled Tue 20th May Late"]
[Site "chess.com INT"]
[Date "2025.05.20"]
[Round "4"]
[White "Mizzi, Jack"]
[Black "Kaasen, Tor Fredrik"]
[Result "0-1"]
[WhiteTitle "CM"]
[BlackTitle "IM"]
[WhiteElo "2086"]
[BlackElo "2471"]
[WhiteFideId "5602521"]
[BlackFideId "1516647"]
[EventDate "2025.05.20"]

1. d4 Nf6 2. c4 g6 3. Nf3 Bg7 4. g3 d6 5. Bg2 O-O 6. O-O Nc6 7. Nc3 e5 8. dxe5
Nxe5 9. Nxe5 dxe5 10. Qxd8 Rxd8 11. Bg5 Rd7 12. Rad1 c6 13. Rxd7 Bxd7 14. Rd1
Be6 15. b3 h6 16. Bc1 Bf8 17. Bb2 Bf5 18. e4 Be6 19. Ne2 Bc5 20. h3 Nd7 21. Kf1
Re8 22. Nc1 f6 23. Nd3 Kf7 24. f4 exf4 25. Nxf4 Ne5 26. Nxe6 Kxe6 27. h4 Ng4 28.
Bh3 h5 29. Ke2 Bd6 30. Bxg4+ hxg4 31. Bxf6 Bxg3 32. Bg5 Rh8 33. Rg1 Bxh4 34.
Rxg4 Bxg5 35. Rxg5 Kf6 36. Rg2 Rh3 37. Rf2+ Ke6 38. Rg2 Kf6 39. Rf2+ Ke5 40. Rg2
Kxe4 41. Rxg6 Rh2+ 42. Kd1 Rxa2 43. Rg7 b6 44. Kc1 Kd4 45. Kb1 Rh2 46. Rxa7 Kc5
47. Rb7 Rg2 48. b4+ Kxb4 49. Rxb6+ Kc5 50. Rb8 Kxc4 51. Rc8 c5 52. Kc1 Kb4 53.
Ra8 c4 54. Rb8+ Kc3 55. Kb1 Rg1+ 56. Ka2 Kc2 57. Rc8 c3 58. Ka3 Rg7 59. Kb4 Rb7+
60. Ka3 Kd2 61. Rd8+ Kc1 62. Rc8 c2 63. Rc6 Ra7+ 64. Kb3 Kb1 65. Rxc2 Rb7+ 0-1

[Event "Titled Tue 20th May Late"]
[Site "chess.com INT"]
[Date "2025.05.20"]
[Round "4"]
[White "Drozdowski, Kacper"]
[Black "Gelman, Alexander"]
[Result "1-0"]
[WhiteTitle "IM"]
[BlackTitle "IM"]
[WhiteElo "2450"]
[BlackElo "2403"]
[WhiteFideId "1136720"]
[BlackFideId "4118316"]
[EventDate "2025.05.20"]

1. e4 c5 2. Nf3 e6 3. b3 a6 4. Bb2 d6 5. c4 Nf6 6. Nc3 Nc6 7. d4 cxd4 8. Nxd4
Bd7 9. Be2 Be7 10. O-O O-O 11. Qd2 Nxd4 12. Qxd4 Bc6 13. Rad1 Qc7 14. Rfe1 Rfd8
15. a4 Rac8 16. Rd3 Ne8 17. Rg3 Bf6 18. Qd2 Kh8 19. Bd1 Qa5 20. Rd3 b5 21. axb5
axb5 22. cxb5 Bxb5 23. Nxb5 Qxb5 24. Bxf6 Nxf6 25. Rxd6 Rxd6 26. Qxd6 h6 27. h3
Kg8 28. Qd2 Qb6 29. Bc2 Qc5 30. Bd3 Rd8 31. Qe2 Qc3 32. Bc4 Rd2 33. Qe3 Qb2 34.
Qf4 g5 35. Qe3 Kg7 36. g3 Nd7 37. e5 Nf8 38. Kg2 Ng6 39. Re2 Rxe2 40. Qxe2 Qd4
41. Qd3 Qxe5 42. b4 h5 43. b5 Qc5 44. Qb3 Ne5 45. Be2 Qb6 46. Qc3 f6 47. Qd2
Qb7+ 48. Kg1 Qe4 49. Qe3 Qb1+ 50. Kg2 h4 51. gxh4 gxh4 52. Qf4 Qb2 53. Qe4 f5
54. Qe3 Kf6 55. Qh6+ Ke7 56. Qxh4+ Kd6 57. Qd8+ Kc5 58. Qc7+ Kd4 59. Qd6+ Ke4
60. Qd1 f4 61. f3+ Ke3 62. Kf1 Qc3 63. Qe1 Qb2 64. Qf2+ Kd2 65. Bc4+ Kc3 66.
Qxb2+ Kxb2 67. b6 1-0

[Event "Titled Tue 20th May Late"]
[Site "chess.com INT"]
[Date "2025.05.20"]
[Round "4"]
[White "Xiong, Jeffery"]
[Black "Wang, Justin Zhide"]
[Result "1-0"]
[WhiteTitle "GM"]
[WhiteElo "2636"]
[BlackElo "2007"]
[WhiteFideId "2047640"]
[BlackFideId "4312830"]
[EventDate "2025.05.20"]

1. c4 e6 2. Nc3 d5 3. d4 Nf6 4. cxd5 exd5 5. Bg5 c6 6. e3 Be7 7. Bd3 O-O 8. h3
Re8 9. Nf3 Ne4 10. Bf4 Bf5 11. O-O Nd7 12. Qc2 Bb4 13. a3 Bf8 14. b4 Bg6 15.
Bxe4 dxe4 16. Ne5 Nxe5 17. Bxe5 f6 18. Bg3 Qd7 19. Rfd1 h5 20. d5 Rac8 21. Qa4
a6 22. Rd4 Qf7 23. dxc6 Rxc6 24. Nd5 Rec8 25. Rad1 Bf5 26. Qa5 Bh7 27. Nb6 Re8
28. Rd7 Qb3 29. Qd5+ Qxd5 30. Nxd5 b5 31. h4 Bf5 32. Ra7 Rec8 33. Kh2 Kh8 34.
Nc7 Bg4 35. Rd4 a5 36. Nxb5 axb4 37. axb4 Rc4 38. Rxc4 Rxc4 39. Ra8 Rc8 40. Rxc8
Bxc8 41. Na7 Bb7 42. b5 Bc5 43. Nc6 Kg8 44. Bc7 Ba8 45. Nd8 Be7 46. Nc6 Bc5 47.
Kg3 Kf8 48. Kf4 Ke8 49. Kxe4 Kd7 50. Bf4 Ke6 51. Kd3 Bb6 52. e4 Bb7 53. f3 g6
54. Kc4 f5 55. Nd4+ Bxd4 56. Kxd4 fxe4 57. fxe4 Ba8 58. g3 Bb7 59. e5 Ba8 60.
Kc5 Kd7 61. Kb6 Be4 62. Ka7 Bd5 63. b6 Kc8 64. e6 Bc6 65. e7 Kd7 66. b7 Bxb7 67.
Kxb7 Kxe7 68. Kc6 Ke6 69. Kc7 Kf5 70. Kd6 Kg4 71. Ke6 g5 72. hxg5 h4 73. gxh4
Kxf4 74. g6 Kg4 75. g7 Kh5 76. g8=Q Kh6 77. Kf6 Kh5 78. Qg5# 1-0

[Event "Titled Tue 20th May Late"]
[Site "chess.com INT"]
[Date "2025.05.20"]
[Round "4"]
[White "Risteski, Emil"]
[Black "Grzesik, Gracjan"]
[Result "1/2-1/2"]
[WhiteTitle "IM"]
[BlackTitle "CM"]
[WhiteElo "2359"]
[BlackElo "2175"]
[WhiteFideId "15005267"]
[BlackFideId "1194593"]
[EventDate "2025.05.20"]

1. Nc3 d5 2. e4 dxe4 3. Nxe4 Nf6 4. Nxf6+ exf6 5. Bc4 Bd6 6. Qe2+ Qe7 7. Qxe7+
Kxe7 8. Ne2 Be6 9. Bxe6 fxe6 10. O-O Nd7 11. d3 Kf7 12. Nc3 c6 13. Bd2 Rhe8 14.
Rfe1 Bc7 15. f4 e5 16. f5 Bb6+ 17. Be3 Bxe3+ 18. Rxe3 Nc5 19. b4 Na6 20. a3 Rad8
21. Ne4 b6 22. g4 h6 23. h4 Nc7 24. g5 Nd5 25. g6+ Kf8 26. Ree1 Nf4 27. Ng3 Rd4
28. Re4 Red8 29. Rae1 Rxe4 30. Rxe4 Ke7 31. Kf2 Rd6 32. Kf3 Kd7 33. Rc4 Kc7 34.
Ne4 Rd7 35. Nf2 Kb7 36. Ng4 Nd5 37. Nf2 Nf4 38. Ne4 Nd5 39. Ng3 Nf4 40. Re4 Nd5
41. Nh5 Nc3 42. Rc4 Nd5 43. Ke4 Re7 44. Kf3 a6 45. Re4 Kc7 46. Re1 Kd7 47. c4
Nc7 48. d4 Ne8 49. dxe5 fxe5 50. Ke4 Nd6+ 51. Kf3 Nxf5 52. Kg4 Ke6 53. Re2 Rd7
54. Re4 Rd4 55. Rxd4 exd4 56. Kf3 c5 57. Ke4 Nd6+ 58. Kd3 Ne8 59. Nf4+ Kf5 60.
Nd5 cxb4 61. axb4 Kxg6 62. Nxb6 Kf5 63. Kxd4 g5 64. hxg5 hxg5 65. Nd5 g4 66. c5
g3 67. Ne3+ Kf4 68. Ng2+ Kf3 69. Nh4+ Kg4 70. Ng2 Kf3 71. Nh4+ Kg4 72. Ng2 Kf3 1/2-1/2

[Event "Titled Tue 20th May Late"]
[Site "chess.com INT"]
[Date "2025.05.20"]
[Round "4"]
[White "Nguyen, Ngoc Truong Son"]
[Black "Gunduz, Umut Erdem"]
[Result "0-1"]
[WhiteTitle "GM"]
[BlackTitle "IM"]
[WhiteElo "2632"]
[BlackElo "2268"]
[WhiteFideId "12401110"]
[BlackFideId "6381383"]
[EventDate "2025.05.20"]

1. e4 c5 2. c3 e6 3. d4 d5 4. e5 Nc6 5. Nf3 Bd7 6. Be2 Qb6 7. O-O Nh6 8. dxc5
Bxc5 9. b4 Be7 10. b5 Na5 11. Nd4 Rc8 12. Be3 Qc7 13. Nd2 Qxe5 14. Qa4 Bd8 15.
N4b3 Nxb3 16. axb3 Nf5 17. Nf3 Qe4 18. Qxe4 dxe4 19. Ne5 Nxe3 20. fxe3 Bf6 21.
Nxd7 Kxd7 22. Rxa7 Kc7 23. c4 Rhd8 24. c5 Rd2 25. Bc4 Kb8 26. b6 Rxc5 27. g4 Rd6
28. h4 h6 29. Ra2 Rxb6 30. Rd2 Rbc6 31. Rf4 b5 32. Bf1 Kc7 33. b4 Rc3 34. g5
hxg5 35. hxg5 Bxg5 36. Rxf7+ Kb6 37. Rdd7 Bxe3+ 38. Kg2 Rc7 39. Rd6+ R3c6 40.
Rxc6+ Kxc6 41. Bxb5+ Kb6 42. Rxc7 Kxc7 43. Bc4 Kd6 44. Kg3 Ke5 45. Kg2 Kf5 46.
Be2 Kf4 47. Bd1 e5 48. Be2 Bb6 49. Bd1 g5 50. Be2 Ke3 51. Bg4 Kd2 52. Kf1 Ke3
53. Be2 Kf4 54. Kg2 g4 55. Bd1 g3 56. Bh5 Bf2 57. b5 Bb6 58. Bd1 Ke3 59. Kf1 Kd2
60. Bh5 e3 61. Bf3 e2+ 62. Bxe2 g2+ 63. Kxg2 Kxe2 0-1

[Event "Titled Tue 20th May Late"]
[Site "chess.com INT"]
[Date "2025.05.20"]
[Round "4"]
[White "Goncharov, Vladimir"]
[Black "Zou, Chen"]
[Result "0-1"]
[BlackTitle "IM"]
[WhiteElo "2077"]
[BlackElo "2443"]
[WhiteFideId "34162256"]
[BlackFideId "8610959"]
[EventDate "2025.05.20"]

1. d4 Nf6 2. c4 g6 3. Nc3 d5 4. e3 Bg7 5. Nf3 O-O 6. Be2 dxc4 7. Bxc4 c5 8. d5
Bg4 9. O-O Nbd7 10. Be2 Bxf3 11. Bxf3 Ne8 12. e4 Nd6 13. Be2 c4 14. Be3 b5 15.
a3 a5 16. Bd4 Bxd4 17. Qxd4 Rb8 18. Rad1 b4 19. axb4 axb4 20. Nb1 Rc8 21. e5 Nf5
22. Qf4 c3 23. bxc3 bxc3 24. Rc1 Qa5 25. e6 fxe6 26. dxe6 Nb6 27. Bd3 Qd5 28.
Be4 Qxe6 29. Rfe1 Nd6 30. Qh4 Nxe4 31. Rxe4 Qf6 32. Qxf6 exf6 33. Rxc3 Nd5 34.
Rxc8 Rxc8 35. Re1 Kf7 36. Nd2 Nf4 37. Nf3 Rc2 38. Rd1 g5 39. h3 h5 40. Kf1 Kg6
41. Nd4 Ra2 42. Nc6 h4 43. Ne7+ Kf7 44. Nd5 Ne6 45. Ne3 Rb2 46. Nd5 Ra2 47. Nc3
Rc2 48. Nd5 Kg6 49. Re1 Nd4 50. Ne3 Ra2 51. Rd1 Ne6 52. Ng4 Nf4 53. Ne3 f5 54.
Nd5 Ne6 55. Nc3 Rc2 56. Ne2 Nc5 57. f3 Nb3 58. Rd6+ Kf7 59. Nd4 Rc1+ 60. Ke2
Nxd4+ 61. Rxd4 Kf6 62. Rd2 Rc3 63. Kf2 Rc6 64. Re2 Rd6 65. Rd2 Rxd2+ 0-1

[Event "Titled Tue 20th May Late"]
[Site "chess.com INT"]
[Date "2025.05.20"]
[Round "4"]
[White "Albertini, Luca"]
[Black "Stamatiou, Rodolfos"]
[Result "0-1"]
[BlackTitle "FM"]
[WhiteElo "2139"]
[BlackElo "2269"]
[WhiteFideId "847038"]
[BlackFideId "25826530"]
[EventDate "2025.05.20"]

1. e4 c5 2. Nf3 e6 3. d4 cxd4 4. Nxd4 a6 5. c4 Nf6 6. Bd3 Nc6 7. Nxc6 dxc6 8.
O-O e5 9. Qb3 Nd7 10. Rd1 Nc5 11. Qc2 Ne6 12. Be3 Bc5 13. Be2 Qe7 14. Bxc5 Qxc5
15. Nc3 Nd4 16. Qd3 Be6 17. Rab1 Nxe2+ 18. Qxe2 Qxc4 19. Qe3 O-O 20. Rbc1 Qb4
21. b3 Rfd8 22. Re1 Rd7 23. h3 Rad8 24. Na4 Rd4 25. Nc5 Bc8 26. Qg3 f6 27. f3 b6
28. Na4 c5 29. Nc3 Be6 30. Qf2 Rd2 31. Re2 Qd4 32. Rxd2 Qxd2 33. Qxd2 Rxd2 34.
Na4 Rxa2 35. Nxb6 Ra5 36. Rc3 Rb5 37. Nc4 Kf8 38. Kf2 Ke7 39. Ke2 Rb4 40. Nd2
Kd6 41. Ke3 Kc6 42. Kd3 Kb5 43. Kc2 c4 44. bxc4+ Bxc4 45. Ra3 a5 46. Kc3 Be6 47.
Ra1 a4 48. Ra3 Kc5 49. h4 Rd4 50. g3 Kb5 51. Ra1 Rd8 52. Rb1+ Ka5 53. Ra1 Rc8+
54. Kd3 Rb8 55. Kc3 Rc8+ 56. Kd3 Bd7 57. Nc4+ Kb4 58. Nd6 Rc3+ 59. Ke2 Bb5+ 60.
Nxb5 Kxb5 61. Rb1+ Rb3 62. Ra1 Kb4 63. g4 a3 64. g5 fxg5 65. hxg5 Kc3 66. Rc1+
Kb2 67. Rd1 a2 68. Rd2+ Ka3 69. Rd1 Rb1 70. Rd3+ Kb4 71. Rd8 a1=Q 72. Ra8 Qb2+
73. Ke3 Re1+ 74. Kd3 Qc3# 0-1

[Event "Titled Tue 20th May Late"]
[Site "chess.com INT"]
[Date "2025.05.20"]
[Round "4"]
[White "Rustemov, Alexander"]
[Black "Akkara, Omer"]
[Result "1-0"]
[WhiteTitle "GM"]
[BlackTitle "CM"]
[WhiteElo "2525"]
[BlackElo "2036"]
[WhiteFideId "4119002"]
[BlackFideId "26319802"]
[EventDate "2025.05.20"]

1. d4 Nf6 2. c4 e6 3. Nf3 d5 4. cxd5 exd5 5. Nc3 Bb4 6. Bf4 O-O 7. e3 c6 8. Bd3
Bd6 9. Bxd6 Qxd6 10. h3 Re8 11. Qc2 h6 12. O-O Nbd7 13. Rab1 a5 14. a3 b6 15.
Rfc1 Ba6 16. Bf5 g6 17. Bxg6 fxg6 18. Qxg6+ Kf8 19. Qxh6+ Kg8 20. Qg6+ Kf8 21.
Ng5 Qe7 22. Re1 Qg7 23. Qf5 Kg8 24. Ne6 Qh7 25. Qxh7+ Kxh7 26. Nc7 Bd3 27. Rbd1
Bg6 28. f3 Rac8 29. Nxe8 Rxe8 30. g4 Kh6 31. Kf2 b5 32. h4 Kg7 33. h5 Bh7 34.
Rh1 Rf8 35. Kg3 Nb6 36. g5 Nfd7 37. g6 Bg8 38. b3 Kh6 39. a4 bxa4 40. Nxa4 Nxa4
41. bxa4 Nb6 42. Rc1 Nc4 43. Kf2 Be6 44. Ke2 Re8 45. Rc3 Bf5 46. Kf2 Rb8 47. e4
Be6 48. Kg3 Rf8 49. Rh4 Nd2 50. Rd3 dxe4 51. Rxd2 Rxf3+ 52. Kg2 Bd5 53. Kg1 e3
54. Re2 Rg3+ 55. Kh2 Rf3 56. Kg1 Bc4 57. Re1 e2 58. Rh1 Rf1+ 59. Kh2 Rf2+ 60.
Kg3 Rf5 61. Rhg1 Rxh5 62. Kf4 Rh4+ 63. Ke3 Rh5 64. g7 Kh7 65. Kd2 Kg8 66. Kc3
Bd5 67. Rxe2 Rh3+ 68. Kd2 Rh7 69. Re8+ Kf7 70. g8=Q+ Kf6 71. Qg5+ Kf7 72. Qg8+
Kf6 73. Rf1+ Bf3 74. Rxf3# 1-0

[Event "Titled Tue 20th May Late"]
[Site "chess.com INT"]
[Date "2025.05.20"]
[Round "4"]
[White "Arabidze, Meri"]
[Black "Logozar, Elijah"]
[Result "1-0"]
[WhiteTitle "IM"]
[WhiteElo "2440"]
[BlackElo "1945"]
[WhiteFideId "13604040"]
[BlackFideId "30963788"]
[EventDate "2025.05.20"]

1. d4 d5 2. c4 c6 3. Nf3 e6 4. Nbd2 f5 5. g3 Nf6 6. Bg2 Bd6 7. Ne5 O-O 8. Ndf3
Bd7 9. O-O Be8 10. Qc2 Ne4 11. Bf4 g5 12. Be3 g4 13. Ne1 Nd7 14. N1d3 Qf6 15.
Bf4 Rd8 16. Nxd7 Rxd7 17. Bxd6 Nxd6 18. Ne5 Nxc4 19. Nxd7 Bxd7 20. e3 h5 21. h4
Nd6 22. a4 Ne4 23. b4 Rc8 24. Rfc1 e5 25. Qb2 Re8 26. b5 Qg7 27. bxc6 Bxc6 28.
dxe5 Qxe5 29. Qxe5 Rxe5 30. Bf1 Nd2 31. Ra3 Nf3+ 32. Kh1 d4 33. exd4 Nxd4+ 34.
Bg2 Nf3 35. Re3 Ra5 36. Re7 Rxa4 37. Rd1 Kf8 38. Rh7 Rd4 39. Rxd4 Nxd4 40. Bxc6
bxc6 41. Rxa7 c5 42. Kg2 Ne6 43. Rh7 Ng7 44. Rh6 Kf7 45. Rc6 Ne6 46. Kf1 Kf6 47.
Ke2 Ke5 48. Rc8 f4 49. Rh8 Ng7 50. Rh7 fxg3 51. fxg3 Kf6 52. Rh6+ Ke5 53. Rh7
Kf6 54. Kd3 Nf5 55. Rxh5 Nxg3 56. Rxc5 Nf5 57. Ke4 Nh6 58. Kf4 Kg6 59. Rg5+ Kh7
60. Ra5 Kg6 61. h5+ Kf6 62. Ra6+ Kg7 63. Rg6+ Kh7 64. Kg3 Nf7 65. Rxg4 Ne5 66.
Rg5 Nf7 67. Rg6 Nh6 68. Kh4 Nf7 69. Rf6 Kg7 70. Ra6 Kh7 71. Kg4 Kg7 72. Kf5 Kg8
73. Kf6 Nh6 74. Kg6 Nf7 75. Ra8+ Nd8 76. Rxd8# 1-0

[Event "Titled Tue 20th May Late"]
[Site "chess.com INT"]
[Date "2025.05.20"]
[Round "4"]
[White "Hernandez Bermudez, Ulises Eduardo"]
[Black "Dogan, Mire Deniz"]
[Result "1/2-1/2"]
[BlackTitle "FM"]
[WhiteElo "2042"]
[BlackElo "2089"]
[WhiteFideId "3902510"]
[BlackFideId "6317456"]
[EventDate "2025.05.20"]

1. e4 c5 2. c3 Nf6 3. e5 Nd5 4. d4 cxd4 5. Nf3 d6 6. cxd4 Nc6 7. Bc4 Nb6 8. Bb5
d5 9. O-O Bg4 10. Nc3 e6 11. h3 Bh5 12. g4 Bg6 13. Bg5 Be7 14. Bxe7 Qxe7 15. Rc1
O-O 16. Bxc6 bxc6 17. Na4 f5 18. g5 Bh5 19. Nxb6 axb6 20. Rxc6 b5 21. a3 Ra4 22.
Rc3 Bxf3 23. Rxf3 Qxg5+ 24. Kh2 Qh4 25. Rd3 f4 26. b4 f3 27. Rg1 Qxf2+ 28. Kh1
Qe2 29. Qf1 Qe4 30. Rg4 Qe2 31. Kg1 Raa8 32. Rg3 f2+ 33. Kg2 Qe4+ 34. Kh2 Rac8
35. Rge3 Qf4+ 36. Kg2 Rc2 37. Rf3 Qe4 38. Kg3 Re2 39. Rxf8+ Kxf8 40. Rf3+ Ke7
41. Rxf2 Rxf2 42. Qxf2 Qd3+ 43. Kh2 Qxa3 44. Qh4+ Kd7 45. Qxh7 Qb2+ 46. Kh1 Qa1+
47. Kg2 Qb2+ 48. Kg3 Qc3+ 49. Kg2 Qd2+ 50. Kf3 Qxd4 51. Qxg7+ Kc6 52. Qf6 Qe4+
53. Kg3 Qe3+ 54. Kg2 Qe2+ 55. Kg3 Qd3+ 56. Kg2 Qc2+ 57. Qf2 Qe4+ 58. Kg1 d4 59.
Qf6 Kd5 60. h4 d3 61. h5 Qe3+ 62. Qf2 Qg5+ 63. Kf1 d2 64. Ke2 Qxh5+ 65. Kxd2
Qxe5 66. Qc5+ Ke4 67. Qe3+ Kf5 68. Qh3+ Kf6 69. Qh8+ Kf5 70. Qh3+ Kg5 71. Qg2+
Kf6 72. Qf3+ Qf5 73. Qc3+ Qe5 74. Qf3+ Ke7 75. Qb7+ Kf6 76. Qf3+ 1/2-1/2

[Event "Titled Tue 20th May Late"]
[Site "chess.com INT"]
[Date "2025.05.20"]
[Round "4"]
[White "Shton, Roman"]
[Black "Aranda, Juan Manuel"]
[Result "0-1"]
[BlackTitle "CM"]
[WhiteElo "2081"]
[BlackElo "2134"]
[WhiteFideId "14137461"]
[BlackFideId "160458"]
[EventDate "2025.05.20"]

1. d4 d6 2. Nf3 Bg4 3. Nbd2 Nd7 4. c3 e5 5. Qb3 Qc8 6. h3 Bxf3 7. Nxf3 Be7 8. g4
c6 9. Bg2 e4 10. Ng5 d5 11. h4 Ngf6 12. f3 h6 13. Nh3 c5 14. g5 hxg5 15. hxg5 c4
16. Qc2 exf3 17. Bxf3 Nh5 18. Bxd5 Nb6 19. Bg2 Ng3 20. Rh2 Bd6 21. Kf2 Qg4 22.
g6 O-O-O 23. Qd2 Ne4+ 24. Bxe4 Bxh2 25. Qc2 Qg3+ 26. Kf1 fxg6 27. Bf4 Rdf8 28.
e3 Rxh3 29. Qg2 Rxf4+ 30. exf4 Qxf4+ 31. Ke2 Re3+ 32. Kd1 Rxe4 33. Kc2 Bg3 34.
Rf1 Qg4 35. Rf8+ Kc7 36. Rf3 Nd5 37. Rxg3 Re2+ 38. Kb1 Qe4+ 39. Qxe4 Rxe4 40.
Rxg6 Re7 41. Rg5 Kd6 42. Rg6+ Kd7 43. Rg5 Ke6 44. Rg6+ Kf5 45. Rg1 Rf7 46. Rf1+
Ke6 47. Re1+ Kd6 48. Kc2 g6 49. b3 cxb3+ 50. axb3 Rf2+ 51. Kd3 Nf4+ 52. Kc4 Re2
53. Rf1 g5 54. Rg1 Rg2 55. Rh1 g4 56. Rh6+ Kd7 57. d5 Rd2 58. Rh7+ Kd6 59. Rh8
Rxd5 60. Rd8+ Ke5 61. Re8+ Ne6 62. Rg8 Rc5+ 63. Kb4 a5+ 64. Ka4 Kf4 65. c4 Rf5
66. Rg6 Nd4 67. Rd6 Ke3 68. Rd7 Rg5 69. Rxb7 g3 70. c5 g2 71. Re7+ Kd3 72. c6
Nxc6 73. Rd7+ Nd4 74. b4 g1=Q 75. Rd5 Qa1# 0-1

[Event "Titled Tue 20th May Late"]
[Site "chess.com INT"]
[Date "2025.05.20"]
[Round "4"]
[White "Ragger, Markus"]
[Black "Shoboev, Dandar"]
[Result "1/2-1/2"]
[WhiteTitle "GM"]
[BlackTitle "FM"]
[WhiteElo "2566"]
[BlackElo "2252"]
[WhiteFideId "1610856"]
[BlackFideId "44197012"]
[EventDate "2025.05.20"]

1. d4 Nf6 2. c4 c5 3. d5 e6 4. Nc3 exd5 5. cxd5 d6 6. Nf3 g6 7. h3 Bg7 8. Bf4
O-O 9. e3 a6 10. a4 Ne8 11. Be2 Nd7 12. O-O Ne5 13. Nd2 f5 14. Bh2 Qe7 15. Re1
Nf6 16. Bf1 Bd7 17. a5 Rae8 18. Rb1 g5 19. b4 Rc8 20. b5 axb5 21. Bxb5 Rc7 22.
Bf1 Ra8 23. Nb5 Bxb5 24. Rxb5 c4 25. Bxe5 Qxe5 26. Nxc4 Qe7 27. Qd3 Ne4 28. f3
Ng3 29. Rb6 Rd8 30. Reb1 f4 31. e4 h6 32. Kh2 Rdd7 33. R6b4 h5 34. Nb6 Rd8 35.
Rc4 Be5 36. Rxc7 Qxc7 37. Nc4 Bg7 38. e5 dxe5 39. d6 Qf7 40. Nb6 g4 41. d7 e4
42. fxe4 Be5 43. Qd5 Qxd5 44. Nxd5 f3 45. gxf3 Nxf1+ 46. Kg2 Nd2 47. Rxb7 gxf3+
48. Kf2 Bd4+ 49. Ne3 Nc4 50. Kxf3 Bxe3 51. e5 Nxe5+ 52. Kxe3 Rxd7 53. Rxd7 Nxd7
54. Kf4 Kg7 55. Kg5 Kf7 56. Kxh5 Kg7 57. Kg5 Nc5 58. Kf5 Kh6 59. Ke5 Kh5 60. Kd5
Na6 61. Kc6 Kh4 62. Kb7 Nb4 63. Kb6 Kxh3 64. Kc5 Na6+ 65. Kb5 Nc7+ 66. Kb6 Nd5+
67. Kc5 Nc7 68. Kc6 Na6 69. Kb7 Nb4 70. Kb6 Kg4 71. Kb5 Nd5 72. Kc6 Nb4+ 73. Kb5
Nd5 74. Kc4 Nc7 75. Kc5 Kf5 76. Kc6 Na6 77. Kb6 Nb4 78. Kb5 Nd5 79. Kc5 Nc7 80.
Kc6 Na6 81. Kb6 Nb4 82. Kc5 Na6+ 83. Kb5 Nc7+ 84. Kb6 Nd5+ 85. Kb7 Nb4 86. a6
Nxa6 1/2-1/2

[Event "Titled Tue 20th May Late"]
[Site "chess.com INT"]
[Date "2025.05.20"]
[Round "4"]
[White "Kracht, Raphael"]
[Black "Roberson, Peter T"]
[Result "1/2-1/2"]
[WhiteTitle "CM"]
[BlackTitle "IM"]
[WhiteElo "2194"]
[BlackElo "2440"]
[WhiteFideId "16214382"]
[BlackFideId "412384"]
[EventDate "2025.05.20"]

1. d4 Nf6 2. Bg5 d5 3. Bxf6 gxf6 4. e3 c5 5. Nc3 Nc6 6. Qh5 e6 7. O-O-O cxd4 8.
exd4 Bd7 9. f4 f5 10. g4 fxg4 11. h3 g3 12. f5 Qf6 13. Kb1 Qxf5 14. Qxf5 exf5
15. Nxd5 O-O-O 16. Ne2 Rg8 17. Rg1 Bd6 18. c4 Rg6 19. c5 Bb8 20. b4 Be6 21. Ndf4
Bxf4 22. Nxf4 Nxd4 23. Nxg6 hxg6 24. Rxg3 f4 25. Rc3 Bf5+ 26. Kb2 Kc7 27. b5
Nxb5 28. Rxd8 Nxc3 29. Rf8 Na4+ 30. Ka3 Nxc5 31. Rxf7+ Kd6 32. h4 Ke6 33. Rc7
Kd6 34. Rf7 Nd7 35. h5 Ne5 36. Rxb7 gxh5 37. Rxa7 f3 38. Kb4 f2 39. Kc3 Ng4 40.
Ra5 Ne3 41. Kd4 Nxf1 42. Rxf5 Ng3 43. Rf6+ Kc7 44. Rxf2 Kb6 45. Rh2 Kb5 46. Kc3
Ka4 47. Kb2 Kb5 48. Rh3 Ne4 49. Rxh5+ Kb6 50. a4 Nc5 51. Ka3 Nb7 52. Kb4 Nd8 53.
Rh6+ Nc6+ 54. Kc4 Kb7 55. Kb5 Na7+ 56. Kc5 Nc8 57. Rh7+ Ka6 58. Rc7 Na7 59. Kb4
Kb6 60. Rh7 Nc6+ 61. Kc4 Ne5+ 62. Kd5 Nd3 63. Rh4 Ka5 64. Kc4 Ne5+ 65. Kb3 Nc6
66. Rh5+ Kb6 67. Rb5+ Ka6 68. Kc4 Na5+ 69. Kc5 Nb7+ 70. Kc6 Na5+ 71. Kc7 Nc4 72.
Rc5 Na5 73. Kd6 Nb3 74. Rb5 Na5 75. Kc7 Nc4 76. Kd7 Nb6+ 77. Kc6 Nxa4 78. Rb1
Ka5 79. Rb8 Nc3 80. Kc5 Na4+ 81. Kc4 Nb6+ 82. Kc5 Na4+ 83. Kc6 Nc3 84. Rb3 Na4
85. Rb5+ Ka6 86. Rb4 Ka5 87. Rb5+ Ka6 1/2-1/2